000 01748nam0a22003011 4500
001 rc\582861
005 20250621173112.0
035 _a(NLR Aleph) 005830220
090 _a5572184
_c5572184
100 _a20031121d1988 |||y0rusy50 ca
101 0 _arus
102 _aRU
105 _aa |||||||||
200 1 _aСостояние и перспективы применения тепловых методов неразрушающего контроля для диагностики оборудования нефтеперерабатывающей и нефтехимической промышленности
210 _aМ.
_cЦНИИТЭнефтехим
_d1988
215 _a55 с.
_cил.
_d20
225 1 _aНефтеперерабатывающая и нефтехимическая промышленность
_iСерия "Эксплуатация, модернизация и ремонт оборудования в нефтеперерабатывающей и нефтехимической промышленности"
_eОбзор. информ.
_fЦНИИ информ. и техн.-экон. исслед. нефтеперерабатывающей и нефтехим. пром-сти
_vВып. № 1
225 1 _aТематический обзор
300 _aНа обл. авт. не указаны
300 _aВ надзаг. также: М-во нефтеперерабатывающей и нефтехим. пром-сти СССР
320 _aБиблиогр.: с. 53-54
700 1 _aОбодов
_bА.М.
_gАлександр Михайлович
701 1 _aПилин
_bБ.П.
801 0 _aRU
_bNLR
_gpsbo
801 1 _aRU
_bELAR
_2rusmarc
852 _aNLR
_jП10/6527
942 _cBOOK
980 _aNB